书目信息 |
| 题名: |
CAD室内设计施工常用图块 3
|
|
| 作者: | 武峰 主编 | |
| 分册: | ||
| 出版信息: | 北京 中国建筑工业出版社 2002.11 |
|
| 页数: | 316页 | |
| 开本: | 26cm | |
| 丛书名: | ||
| 单 册: | ||
| 中图分类: | TU201.4-64 | |
| 科图分类: | ||
| 主题词: | 建筑设计 | |
| 电子资源: | ||
| ISBN: | 7-112-05313-7 | |
| 000 | 00640nam0 2200205 45 | |
| 001 | 0457764857 | |
| 005 | 20060605091924.73 | |
| 010 | @a7-112-05313-7@b精装@dCNY 120.00 | |
| 100 | @a20040425d2002 km y0chiy0120 ea | |
| 101 | 0 | @achi |
| 102 | @aCN@b110000 | |
| 200 | 1 | @aCAD室内设计施工常用图块 3@ACAD Shi Nei She Ji Shi Gong Chang Yong Tu Kuai 3@e金牌工程@f武峰主编@FWu Feng Zhu Bian |
| 210 | @a北京@c中国建筑工业出版社@d2002.11 | |
| 215 | @a316页@d26cm | |
| 517 | @a金牌工程@AJin Pai Gong Cheng | |
| 606 | 0 | @a建筑设计 |
| 690 | @aTU201.4-64@v3 | |
| 701 | 0 | @a武峰@AWu Feng@4主编 |
| 801 | 0 | @aCN@bPFT@c20060605 |
| 905 | @dTU201.4-64@eW955:3 | |
| CAD室内设计施工常用图块 3:金牌工程/武峰主编.-北京:中国建筑工业出版社,2002.11 |
| 316页;26cm |
| ISBN 7-112-05313-7(精装):CNY 120.00 |
| ● |
| 相关链接 |
|
|
|
正题名:CAD室内设计施工常用图块 3
索取号:TU201.4-64/W955:3
 
预约/预借
| 序号 | 登录号 | 条形码 | 馆藏地/架位号 | 状态 | 备注 |
| 1 | 392340 | 203923406 | 建筑库101/101建筑库 37排3列1层/ [索取号:TU201.4-64/W955:3] | 在馆 | |
| 2 | 422201 | 204222019 | 建筑库101/101建筑库 37排3列1层/ [索取号:TU201.4-64/W955:3] | 在馆 | |
| 3 | 608078 | 206080783 | 建筑库101/101建筑库 37排3列1层/ [索取号:TU201.4-64/W955:3] | 在馆 |